Rizikové moduly základnej kapitálovej požiadavky solventnosti poisťovne

Identifikácia a riadenie rizík ako základné predpoklady pre zabezpečenie dlhodobej existencie a bezpečnosti poisťovne. Analýza rizikových modulov, ktorá zabezpečí efektívne riadenie podstúpených rizík. Charakteristika základných rizikových modulov poisťovne. Štruktúra rizikových modulov kapitálovej...

Description complète

Enregistré dans:
Détails bibliographiques
Auteur principal: Vachálková, Ingrid
Format: Chapitre de livre
Langue:slovaque
Sujets:
Tags: Ajouter un tag
Pas de tags, Soyez le premier à ajouter un tag!

MARC

LEADER 00000nla$a2200000$$$4500
001 0084539
005 20240502083224.4
041 0 |a slo 
044 |a CZ 
245 1 0 |a Rizikové moduly základnej kapitálovej požiadavky solventnosti poisťovne  |c Ingrid Vachálková 
520 |a Identifikácia a riadenie rizík ako základné predpoklady pre zabezpečenie dlhodobej existencie a bezpečnosti poisťovne. Analýza rizikových modulov, ktorá zabezpečí efektívne riadenie podstúpených rizík. Charakteristika základných rizikových modulov poisťovne. Štruktúra rizikových modulov kapitálovej požiadavky poisťovne. 
610 2 0 |a poisťovne 
610 2 0 |a poistenie životné 
610 2 0 |a poistenie neživotné 
610 2 0 |a riziko poistné 
610 2 0 |a kapitál 
610 2 0 |a solventnosť 
100 1 |a Vachálková, Ingrid